LaLiga Spieler mit über 100 Toren - Statistiken

Allgemein
  • Dieses Quiz wurde 244 mal gespielt
  • Das Durchschnittsergebnis liegt bei 10 aus 69
Antwortstatistiken
Tore Spieler % Korrekt
311 Cristiano Ronaldo
100%
474 Lionel Messi
100%
116 Ronaldo
100%
238 Karim Benzema
89%
176 Luis Suárez
85%
197 Antoine Griezmann
62%
228 Raúl
49%
162 Samuel Eto‘o
47%
185 David Villa
42%
102 Fernando Torres
37%
227 Alfredo di Stéfano
33%
107 Rivaldo
29%
161 Iago Aspas
26%
156 Ferenc Puskás
21%
124 Fernando Morientes
17%
128 Diego Forlán
16%
158 Aritz Aduriz
15%
120 Gerard Moreno
13%
107 Higuaín
13%
234 Hugo Sánchez
13%
123 Emilio Butragueño
11%
101 Mariano Martín
6%
111 Raúl García
6%
221 César Rodríguez
5%
107 Pichi Alonso
5%
100 Roy Makaay
5%
104 Cristhian Stuani
4%
128 Álvaro Negredo
3%
105 Fernando Hierro
3%
129 Paco Gento
3%
129 Roberto Soldado
3%
254 Telmo Zarra
3%
114 Davor Suker
2%
106 Fernando
2%
103 Luis Enrique
2%
219 Quini
2%
118 Amancio
1%
138 László Kubala
1%
195 Mundo
1%
214 Pahiño
1%
186 Santillana
1%
107 Bata
0%
111 Carlos Muñoz
0%
111 Cuco Ziganda
0%
147 Dani
0%
115 Eneko Arieta
0%
107 Epi
0%
183 Guillermo Gorostiza
0%
105 Isidro Lángara
0%
133 Ismael Urzaiz
0%
133 Jesús Satrustegui
0%
108 José Eulogio Gárate
0%
139 José Mari Bakero
0%
136 José Panizo
0%
102 Julen Guerrero
0%
152 Julio Salinas
0%
160 Luis Aragonés
0%
129 Lyuboslav Penev
0%
101 Manu Sarabia
0%
126 Mario Kempes
0%
105 Meho Kodro
0%
112 Pello Uralde
0%
124 Pirri
0%
114 Piru Gaínza
0%
115 Rafa Marañón
0%
146 Raúl Tamundo
0%
112 Roberto López Ufarte
0%
104 Silvestre Ioga
0%
103 Victorio Unamuno
0%
Keine übereinstimmenden Quizze gefunden
Verteilung der Resultate
Anzahl Personen mit jedem Resultat
Perzentil nach korrekt beantworteten Fragen
Ihre Resultats-Entwicklung
Sie haben dieses Quiz noch nicht gespielt